000 00566nam a2200181Ia 4500
005 20250326145137.0
008 250326s9999 xx 000 0 und d
037 _aTextbook
040 _aFMSL
_beng
_cFMSL
041 _aeng
_2eng
084 _aX:51 P5
_qFMSL
100 _aRead B B
_9750725
245 0 _aDesigning the call center for your business:complete guide for location, services, staffing and outsourcing
_cRead B B
250 _a2
260 _aSan Francisco
_bSan Francisco, CMP
_c2005
942 _cTB
_hX:51 P5
999 _c1306523
_d1306523